Colombia 2014
Enregistré dans:
| Format: | Livre |
|---|---|
| Langue: | anglais |
| Publié: |
Paris
OECD
2014
|
| Collection: | OECD reviews of innovation policy
|
| Sujets: | |
| Tags: |
Pas de tags, Soyez le premier à ajouter un tag!
|
MARC
| LEADER | 00000nam a2200000 4500 | ||
|---|---|---|---|
| 001 | 0194984 | ||
| 005 | 20240315120441.0 | ||
| 020 | |a 978-92-64-20462-1 | ||
| 041 | 0 | |a eng | |
| 044 | |a FR | ||
| 245 | 1 | 0 | |a Colombia 2014 |
| 264 | 1 | |a Paris |b OECD |c 2014 | |
| 300 | |a 242 s. | ||
| 490 | 1 | |a OECD reviews of innovation policy | |
| 830 | 0 | |a OECD reviews of innovation policy | |
| 610 | 2 | 0 | |a inovácia |
| 610 | 2 | 0 | |a rozvoj hospodársky |
| 610 | 2 | 0 | |a makroekonomika |
| 610 | 2 | 0 | |a produktivita |
| 610 | 2 | 0 | |a obchod medzinárodný |
| 610 | 2 | 0 | |a investície priame zahraničné |
| 610 | 2 | 0 | |a zmeny štruktúrne |
| 610 | 2 | 0 | |a podnikanie |
| 610 | 2 | 0 | |a poľnohospodárstvo |
| 610 | 2 | 0 | |a vzdelávanie terciárne |
| 610 | 2 | 0 | |a zdroje ľudské |
| 610 | 2 | 0 | |a správa verejná |
| 610 | 2 | 0 | |a správa štátna |
| 610 | 2 | 0 | |a Kolumbia |